Central Library OPAC University of Rajshahi

Conservative India : (Record no. 30767)

MARC details
000 -LEADER
fixed length control field 00903cam a2200253u 4500
001 - CONTROL NUMBER
control field 30767
003 - CONTROL NUMBER IDENTIFIER
rucl marc code BD-RjUL
005 - DATE AND TIME OF LATEST TRANSACTION
control field 20211209051620.0
008 - FIXED-LENGTH DATA ELEMENTS--GENERAL INFORMATION
fixed length control field 140412s1941 ii 001 0 eng
035 ## - SYSTEM CONTROL NUMBER
System control number (BD-RjUL)30854
040 ## - CATALOGING SOURCE
Original cataloging agency DLC
Transcribing agency CarP
Modifying agency DLC
-- BD-RjUL
Language of cataloging eng
041 ## - LANGUAGE CODE
Language code of text/sound track or separate title eng
082 ## - DEWEY DECIMAL CLASSIFICATION NUMBER
Classification number 299.5
Author mark and year CON 1941
110 2# - MAIN ENTRY--CORPORATE NAME
Corporate name or jurisdiction name as entry element Durkal Jayendraray Bhagwanlal. [from old catalog]
9 (RLIN) 95154
245 10 - TITLE STATEMENT
Title Conservative India :
Remainder of title says and essays on the principles and practices of Indian conservatism, with a conservative catechism and reflections obiter dicta /
Statement of responsibility, etc. by Jayendraray Bhagwanlal Durkal.
260 ## - PUBLICATION, DISTRIBUTION, ETC. (IMPRINT)
Place of publication, distribution, etc. Ahmedsbad :
Name of publisher, distributor, etc. D.B. Taraporevala Sons,
Date of publication, distribution, etc. 1941.
300 ## - PHYSICAL DESCRIPTION
Pagination xiviii, 241 p. ;
Size 19 cm.
504 ## - BIBLIOGRAPHY, ETC. NOTE
Bibliography, etc Includes index.
651 #0 - SUBJECT ADDED ENTRY--GEOGRAPHIC NAME
Geographic name India
General subdivision Religion.
9 (RLIN) 93504
Geographic name India
General subdivision Politics and government
Chronological subdivision 1919-1947.
9 (RLIN) 93505
942 ## - ADDED ENTRY ELEMENTS (KOHA)
Source of classification or shelving scheme Dewey Decimal Classification
Koha item type Books
Holdings
Lost status Source of classification or shelving scheme Damaged status Not for loan Collection code Permanent Location Current Location Shelving location Date acquired Source of acquisition Total Checkouts Full call number Date last seen Copy number Koha item type
  Dewey Decimal Classification   Not For Loan Non-fiction Central Library, University of Rajshahi Central Library, University of Rajshahi Reading Room 09/11/1961 N/A   299.5 CON 1941 12/04/2014 C-1 Books